000 00669nem a2200205 u 4500
005 20200104041741.0
008 160429b2000 ck ||||| |a|| 00| 0 spa d
040 _aCO-BoIAVH
_cCO-BoIAVH
041 _aspa
044 _ack
090 _aMC-
_b0077
110 2 _aInstituto de Investigación de Recursos Biológicos Alexander von Humboldt.
_9204
245 1 _aDistribución del genero Faramea en la parcela permanente de La Planada
_cUnidad de SIG- IAvH
_h[Material Cartografico]
255 _a1:2.500
260 _aBogotá
_bIAvH
_c2000
300 _a1 mapa
_b color
_c42 x 28 cm
650 0 4 _aParcelas
_955328
650 0 6 _aHidrografía
_95361
942 _cMapa
_2ddc
999 _c18388
_d18388